Planning an applied research project in hospitality, tourism, and sports / (Record no. 277099)
[ view plain ]
| 000 -LEADER | |
|---|---|
| fixed length control field | 01156cam a2200289 i 4500 |
| 001 - CONTROL NUMBER | |
| control field | 17802069 |
| 005 - DATE AND TIME OF LATEST TRANSACTION | |
| control field | 20150121143555.0 |
| 008 - FIXED-LENGTH DATA ELEMENTS--GENERAL INFORMATION | |
| fixed length control field | 130705s2014 nju b 001 0 eng |
| 010 ## - LIBRARY OF CONGRESS CONTROL NUMBER | |
| LC control number | 2013021885 |
| 020 ## - INTERNATIONAL STANDARD BOOK NUMBER | |
| International Standard Book Number | 9781118637227 (pbk.) |
| 040 ## - CATALOGING SOURCE | |
| Original cataloging agency | DLC |
| Language of cataloging | eng |
| Transcribing agency | DLC |
| Description conventions | rda |
| Modifying agency | DLC |
| 042 ## - AUTHENTICATION CODE | |
| Authentication code | pcc |
| 050 00 - LIBRARY OF CONGRESS CALL NUMBER | |
| Classification number | TX 911.5 |
| Item number | .M38 2014 |
| 082 00 - DEWEY DECIMAL CLASSIFICATION NUMBER | |
| Classification number | 338.4/7910072 |
| 100 1# - MAIN ENTRY--PERSONAL NAME | |
| Personal name | Mayo, Frederic B. |
| 245 10 - TITLE STATEMENT | |
| Title | Planning an applied research project in hospitality, tourism, and sports / |
| Statement of responsibility, etc | Frederic B. Mayo, Clinical Professor Preston Robert Tisch Center for Hospitality, Tourism, and Sports Management, New York University. |
| 260 ## - PUBLICATION, DISTRIBUTION, ETC. (IMPRINT) | |
| Place of publication, distribution, etc | Hoboken, New Jersey : |
| Name of publisher, distributor, etc | John Wiley & Sons, Inc., |
| Date of publication, distribution, etc | c2014. |
| 300 ## - PHYSICAL DESCRIPTION | |
| Extent | xiv, 258 pages : |
| Dimensions | 23 cm |
| 504 ## - BIBLIOGRAPHY, ETC. NOTE | |
| Bibliography, etc | Includes bibliographical references and index. |
| 521 ## - TARGET AUDIENCE NOTE | |
| Target audience note | Tourism |
| 650 #0 - SUBJECT ADDED ENTRY--TOPICAL TERM | |
| Topical term or geographic name as entry element | Hospitality industry |
| General subdivision | Research |
| -- | Methodology. |
| 650 #0 - SUBJECT ADDED ENTRY--TOPICAL TERM | |
| Topical term or geographic name as entry element | Tourism |
| General subdivision | Research |
| -- | Methodology. |
| 650 #0 - SUBJECT ADDED ENTRY--TOPICAL TERM | |
| Topical term or geographic name as entry element | Sports |
| General subdivision | Research |
| -- | Methodology. |
| 906 ## - LOCAL DATA ELEMENT F, LDF (RLIN) | |
| a | 7 |
| b | cbc |
| c | orignew |
| d | 1 |
| e | ecip |
| f | 20 |
| g | y-gencatlg |
| 942 ## - ADDED ENTRY ELEMENTS (KOHA) | |
| Source of classification or shelving scheme | Library of Congress Classification |
| Koha item type | Books |
| Call number prefix | Foreign |
| Withdrawn status | Lost status | Source of classification or shelving scheme | Damaged status | Home library | Current library | Shelving location | Date acquired | Source of acquisition | Sub Shelving location | Total Checkouts | Full call number | Barcode | Date last seen | Price effective from | Koha item type |
|---|---|---|---|---|---|---|---|---|---|---|---|---|---|---|---|
| Library of Congress Classification | College Library | College Library | Reserve Section | 01/21/2015 | Library Fund | TX 911.5 .M38 2014 | C19052 | 05/15/2018 | 01/21/2015 | Books |